| 000 | 00805cai a22001935a 4500 | ||
|---|---|---|---|
| 001 | E146068 | ||
| 008 | 081205u xxk g 000 0 eng d | ||
| 035 | _a(Sirsi) u146068 | ||
| 041 | 0 | _aeng | |
| 110 | 2 |
_aOutdoor Access Scotland _95665 |
|
| 245 | 0 | 0 |
_aOutdoor Access Scotland _h[electronic resource] |
| 520 | _aWebsite for Outdoor Access Scotland which provides information on access rights and responsibilities under the Scottish Outdoor Access Code. Includes advice for land managers, recreation managers and the public. | ||
| 590 | _aKA | ||
| 650 | 2 | 4 | _aSCOTTISH OUTDOOR ACCESS CODE |
| 651 | 4 |
_aScotland _y1999- |
|
| 690 | _aENVIRONMENTAL AND LAND CONSULTANCY | ||
| 856 | 4 | 0 |
_uhttps://www.outdooraccess-scotland.com _zView the website free of charge at www.outdooraccess-scotland.com... |
| 942 | _n0 | ||
| 999 |
_c120747 _d120747 |
||